Estadísticas para Países más Cercanos a Alaska

Haz click aquí para tomar la prueba!

Estadísticas generales

  • Esta prueba ha sido tomada 406 veces
  • La puntuación promedio es 15 de 20

Estadísticas de respuestas

kmPaísmillas% Correcto
0Canadá0
99%
4Rusia2
98%
2689México1671
96%
2195Japón1364
94%
2677China1663
93%
3291Corea del Norte2045
92%
3703Corea del Sur2301
92%
2135Dinamarca
(Groenlandia)
1327
88%
3740Mongolia2324
85%
4163Islandia2587
76%
5169Reino Unido3212
76%
5200Taiwán3231
72%
5226Cuba3247
71%
4170Noruega2591
68%
4407Suecia2739
67%
5165Bahamas3209
65%
4289Finlandia2665
64%
4940Francia
(San Pedro y Miguelon)
3070
59%
5251E.F. Micronesia3263
32%
4644Islas Marshall2886
25%

Distribución de puntuación

Porcentaje por número respondido

Porcentaje de gente con cada puntuación

Historial de tus puntuaciones

No has tomado esta prueba